000
00309 a2200121 4500
090
_c
3210
_d
3210
100
_a
Sayeed Khalid B
245
_a
The Political System of Pakistan
260
_a
Boston
_b
Houghton Mifflin Company
_c
1967
300
_a
321 p.
500
_a
Papercover
942
_a
NBS
_c
BK
_k
320.95491 SAY
999
_c
345698
_d
345698